| 000 | 00726nam a2200265Ia 4500 | ||
|---|---|---|---|
| 003 | OSt | ||
| 005 | 20220918214518.0 | ||
| 006 | a|||||r|||| 00| 0 | ||
| 007 | ta | ||
| 008 | 220917b |||||||| |||| 00| 0 eng d | ||
| 024 | _a137,781 | ||
| 037 | _cTextual | ||
| 040 |
_aARTS _cARTS _beng |
||
| 041 |
_2eng _aeng |
||
| 082 | _aY:393g, M1 | ||
| 100 |
_aNimmo Dan D Ed _9131577 |
||
| 245 | 0 | _aHandbook of political communication | |
| 260 |
_aLondon _bSage Publications _c1981 |
||
| 300 |
_a732p. _ccm. |
||
| 500 | _aAppendix p675-701 | ||
| 650 | _aSOCIOLOGY | ||
| 700 |
_a Sanders Keith R Ed _9131578 |
||
| 942 |
_hY:393g, M1 _cTEXL _2CC |
||
| 999 |
_c260859 _d260859 |
||